000 00733nam a2200253 a 4500
001 17659
003 BD-RjUL
005 20211209000155.0
008 140217s1981 ii 001 0 eng d
035 _a(BD-RjUL)17717
040 _aDLC
_cDLC
_dBD-RjUL
_beng
041 _aeng
082 0 0 _a307.120954
_219
_bNAA 1981
100 1 _aNanjundappa, D. M.,
_d1930-
_954428
245 1 0 _aArea planning and rural development /
_cD.M. Nanjundappa.
260 _aNew Delhi :
_bAssociated,
_cc1981.
300 _aviii, 52 p. ;
_c22 cm.
500 _aIncludes index.
650 0 _aRural development
_zIndia.
_95606
650 0 _aRegional planning
_zIndia.
_99788
942 _2ddc
_cBK
999 _c17659
_d17659